00624nam a2200157 a 4500008004100000100002400041245016900065260002900234300004500263504004100308500003100349700005900380003000100439005001700440040000900457 1 aGoredema, Vimbai S.10aSocial media use for library interaction :bawareness and perceptions of National University of Science and Technology (NUST) students /cVimbai Superior Goredema.  aBulawayo :bNUST,c2015. axvi, 108 p. bill. (som. col.) ;c31 cm. aIncludes bibliographical references. aThesis (MSc)---NUST, 2015. aNUSTbDept. Of Journalism and Media Studies. tThesis.20230120153126.0 cNUST